Život a doba ministra Rudolfa Baráka

Titel: Život a doba ministra Rudolfa Baráka / Prokop Tomek
Verfasser:
Ausgabe: Vyd. 1.
Veröffentlicht: Praha : Vyšehrad, 2009
Umfang: 169 S. : Ill.
Format: Buch
Sprache: Tschechisch
Schriftenreihe/
mehrbändiges Werk:
Moderní dějiny
ISBN: 9788070219829
Buchumschlag
X
Lokale Klassifikation: 2 B 2292 ; 22 7 V ; 22 7 Mk ; 22 7 O ; 22 7 Od ; 22 14 D
alg: 21421997
001A    $03004:24-07-09 
001B    $01999:03-06-23 $t04:20:55.000 
001C    $03004:24-07-09 $t16:08:00.000 
001D    $03004:30-09-09 
001U    $0utf8 
001X    $00 
002@    $0Aau 
003@    $0214219976 
003O    $0428366550 $aOCoLC 
004A    $A978-80-7021-982-9 
007A    $0214219976 $aHEB 
007G    $0DE0206131E44ABC96CDFFC125793D00497A99 
007T    $0Herdpp139862 
009P    $qapplication/pdf $A2 $3Inhaltsverzeichnis $uhttp://scans.hebis.de/HEBCGI/show.pl?21421997_toc.pdf $mV:DE-603;B:DE-Mb50 
010@    $acze 
011@    $a2009 
021A    $aŽivot a doba ministra Rudolfa Baráka $hProkop Tomek 
028A    $7136775918 $8Tomek, Prokop$Z1965- [Tp3] $920724507X 
032@    $aVyd. 1. 
033A    $pPraha $nVyšehrad 
034D    $a169 S. 
034M    $aIll. 
036G    $aModerní dějiny 
039U    $8--Aox--Slabotínský, Radek. Tomek, Prokop, 1965-. Život a doba ministra Rudolfa Baráka. - Praha : Vyšehrad. -  2009 [Rezension], 2010 $9395205743 
045F    $a909 $eDDC23BSB 
045F/01 $a909 
045F/03 $f0904 
045F/03 $g437 
045G    $a900.94370904 $eDDC23BSB 
045G/01 $a900 
045G/03 $f0904 
045G/03 $g437 
045H    $a351.09 $eDDC23BSB 
045H/01 $a351.09 
045H/03 $g437 

lok: 21421997 24
101B    $030-09-09 $t15:05:13.000 
101C    $030-09-09 
101U    $0utf8 
145Z/01 $a2 B 2292 
145Z/02 $a22 7 V 
145Z/03 $a22 7 Mk 
145Z/04 $a22 7 O 
145Z/05 $a22 7 Od 
145Z/06 $a22 14 D 

exp: 21421997 24 1 #EPN
201B/01 $009-03-12 $t12:42:49.000 
201C/01 $024-07-09 
201U/01 $0utf8 
203@/01 $0579762580 
208@/01 $a30-09-09 $bz 
209A/01 $a09.5600 $du $f050 $h09 5600 $x00 
209C/01 $a09.5600 K $h09 5600 K 
209G/01 $a71784827 $x00 
220C/01 $akon 
244Z/01 $7138674280 $8--Tp1--Barák, Rudolf$Z1915-1995 $x01 $9213913151 
247C/01 $8358050-7 Marburg, Bibliothek des Herder-Instituts Marburg $9102600961 

lok: 21421997 78

exp: 21421997 78 1 #EPN
201B/01 $026-11-17 $t00:23:57.000 
201U/01 $0utf8 
203@/01 $0792074998 
208@/01 $a12-11-16 $be 
209A/01 $a/ $f000 $x00 
220C/01 $aHerkunft: Hú Av Čr Praha 
237A/01 $aweiterführende Signatur(en):  09.5600 
244Z/01 $#Tschechien $#Tschechische Republik $#Tschechische Republik $#Tschechenland $#Tschechei Tschechien $#Česká Republika $#Czech Republic $#ČR $74303381-7 $8--Tg1--Tschechien $x01 $9086659812 
244Z/01 $2Trx $#Böhmen $#Bohemia $#Czechy $8--Trx--Čechy $x02 $9391188941 
244Z/01 $aGeschichte 1950-1970 $x03 
244Z/01 $2Trx $8--Trx--Barák, Rudolf$Z1915-1995 $x04 $939077944X 
244Z/01 $2Trx $#ministrid $#miniszter $#ministrowie $#ministri $#ministry $8--Trx--Minister $x05 $9391383248 
244Z/01 $2Trx $#protsessid, poliitilised $#politiniai procesai $#Trials, political $#perek, politikai $#procesy polityczne $#procesy, politické $#procesy politické $#Schauprozesse $8--Trx--Prozesse, politische (Strafverfahren) $x06 $9391362372 
244Z/01 $2Trx $#poliitikud $#politikai $#politicians $#politikus $#politycy $#politici $#politici $#Staatsmänner $#štátnici $#státníci $8--Trx--Politiker $x07 $9391382128 
244Z/01 $astrany komunistické $x08 
244Z/01 $2Trx $8--Trx--Monographie $x09 $9391384546 
247C/01 $82080>Marburg/Lahn, Herder-Institut, Forschungsbibliothek, Bibliographieportal $9336309341
LEADER 00000cam a2200000 c 4500
001 214219976
003 DE-603
005 20230603042055.0
007 tu
008 090724s2009 xx |||| | u00||u|cze c
020 |a 9788070219829 
035 |a (DE-599)HEB214219976 
035 |a (OCoLC)428366550 
040 |a DE-603  |b ger  |c DE-603  |d DE-603 
041 |a cze 
082 0 4 |8 1\u  |a 909  |q DE-101  |2 23/BSB 
083 0 |8 2\u  |a 900.94370904  |q DE-101  |2 23/BSB 
083 0 |8 3\u  |a 351.09  |q DE-101  |2 23/BSB 
085 |8 1\u  |b 909 
085 |8 1\u  |z 1  |s 0904 
085 |8 1\u  |z 2  |s 437 
085 |8 2\u  |b 900 
085 |8 2\u  |z 1  |s 0904 
085 |8 2\u  |z 2  |s 437 
085 |8 3\u  |b 351.09 
085 |8 3\u  |z 2  |s 437 
100 1 |a Tomek, Prokop  |d 1965-  |0 (DE-603)20724507X  |0 (DE-588)136775918  |2 gnd 
245 0 0 |a Život a doba ministra Rudolfa Baráka  |c Prokop Tomek 
250 |a Vyd. 1. 
264 1 |a Praha  |b Vyšehrad  |c 2009 
300 |a 169 S.  |b Ill. 
490 0 |a Moderní dějiny 
787 0 8 |i Rezensiert in  |a Slabotínský, Radek  |t Tomek, Prokop, 1965-. Život a doba ministra Rudolfa Baráka. - Praha : Vyšehrad. - 2009 [Rezension]  |w (DE-603)395205743 
856 4 2 |m V:DE-603;B:DE-Mb50  |q application/pdf  |u http://scans.hebis.de/HEBCGI/show.pl?21421997_toc.pdf  |3 Inhaltsverzeichnis 
924 0 |9 Mb 50  |a (DE-603)579762580  |b DE-Mb50  |c HES  |d c  |g 09.5600 
924 0 |9 2080  |a (DE-603)792074998  |b DE-2080  |c HES  |d d  |g /